| 000 | 00883nam a2200301 a 4500 | ||
|---|---|---|---|
| 003 | AR-BaBNM | ||
| 005 | 20251128203956.0 | ||
| 008 | 082120s2002 ||||||||||||||000 | spa|| | ||
| 020 | _a84-7509-372-8 | ||
| 040 | _cAR-BaBNM | ||
| 100 | 1 | _aHolloway, G.E.T. | |
| 245 | 0 | 0 | _aConcepción de la geometría en el niño según Piaget |
| 260 |
_aBarcelona _bPaidós _c1986 |
||
| 300 | _a106 p. | ||
| 490 | 0 |
_aPaidós educador _vv. 71 |
|
| 504 | _aContiene bibliografía en castellano y bibliografía complementaria | ||
| 600 | 1 | 4 | _aPiaget, Jean |
| 650 | 4 | _aCURRICULO DE ENSEÑANZA PRIMARIA | |
| 650 | 4 | _aFORMACION DE DOCENTES | |
| 650 | 4 | _aPSICOLOGIA DEL NIÑO | |
| 650 | 4 | _aPSICOLOGIA EVOLUTIVA | |
| 650 | 4 | _aENSEÑANZA DE LAS MATEMATICAS | |
| 650 | 4 | _aGEOMETRIA | |
| 653 | _aEDUCACION PRIMARIA | ||
| 700 | 1 |
_aBignami, Ariel _etraductor |
|
| 942 | _cBK | ||
| 998 | _cSILVI | ||
| 999 |
_c5671 _d5671 |
||